Využitie sociálneho marketingu v zdravotníctve bakalárska práca

Enregistré dans:
Détails bibliographiques
Auteur principal: Struhárová, Sabína
Collectivité auteur: Obchodná fakulta EU. Katedra marketingu
Autres auteurs: Kukura, Marek, 1995-
Format: Livre
Langue:slovaque
Publié: Bratislava 2022
Tags: Ajouter un tag
Pas de tags, Soyez le premier à ajouter un tag!

MARC

LEADER 00000nbm a2200000 4500
001 0285925
005 20221128133013.7
041 0 |a slo 
044 |a SK 
245 1 0 |a Využitie sociálneho marketingu v zdravotníctve  |b bakalárska práca  |c Sabína Struhárová ; školiteľ: Marek Kukura 
264 1 |a Bratislava  |c 2022 
300 |a 51 s. 
100 1 |a Struhárová, Sabína 
700 1 |a Kukura, Marek, 1995- 
710 2 |a Obchodná fakulta EU. Katedra marketingu